Det som du missat - Statistics

General Stats
  • This quiz has been taken 20 times
    12 since last reset
  • The average score is 25 of 78
Answer Stats
Hint Answer % Correct
Artären till Levern a. hepatica propria
100%
Njurkropp Corpusculum Renale
100%
Gallblåsan Vesica biliaris
100%
Efter att a. Vertebralis Dx/sin går ihop bildas a. basilaris
50%
Den djupaanastomosen i palma Arcus Palmaris Profundus
50%
Den ytliga anastomosen i palma Arcus Palmaris Superficialis
50%
Den delen av hepar som ligger intill diafragman heter Area nuda / facies diaphragmatica
50%
Blodkärl som går ifrån a. subclavia och löper på insidan av revbenen a. thoracica interna
50%
Det finns ett visst system i thorax som är en venös sammankoppling mellan v. cava inferior och v. cava superior Azygossystemet
50%
Njurkroppen delas in i 2 delar. Bowmans kapsel Capsula Glomerularis
50%
Alla 3 delar av Diafragman fäster i mitten till Centrum Tendineum
50%
Njurkroppen delas in i 2 delar. Glomerulus Corpusculum Renale glomerulus
50%
Gallgången Ductus choledochus
50%
Vad heter hjärnans ytterst skyddande lager? Dura mater
50%
Vad heter hjärtväggens innersta lager? Endocardium
50%
Vad heter livmoderns innerst skyddande lager? Endometrium
50%
Vad heter lagret utanför både dessa? Fascia Renalis
50%
Den högra lungan har 2 fåror Fissura Horizontalis / Fissura Obliqua
50%
Den vänstra lungan har bara en fåra Fissura obliqua
50%
Hjärnan har ju små gropar som heter Sulcus, men vad heter topparna Gyrus
50%
Vad heter "hålet" som bildas utav m. Adductor Magnus vilket är stället där "a. femoralis" byter namn till "a. poplitea" Hiatus Adductorius
50%
Det finns något som förbättrar femurs passform i acetabulum, vad heter det? Labrum Acetabuli
50%
Vad heter hjärtsäckens innersta lager Lamina visceralis
50%
Ligament som håller radius "på plats" lig. anulare radii
50%
gemensamt namn för m. Psoas Major och m. Iliacus m. iliopsoas
50%
Vad heter hjärtväggens mellersta lager? Myocardium
50%
Vad heter livmoderns mellerst skyddande lager? Myometrium
50%
på Thyroidea sitter ett annat organ Parathyroidea
50%
Vad heter livmoderns ytterst skyddande lager? Perimetrium
50%
Vad heter hjärnans innerst skyddande lager? Pia mater
50%
Det finns 2 organ som är endokrina vid graviditet Placenta / Uterus
50%
Det som håller de Dorsala senorna på plats i handleden Retinaculum Extensorum
50%
Det som håller de Ventrala senorna på plats i handleden Retinaculum Flexorum
50%
Vit materia (runt om i kroppen) Substantia alba
50%
Grå materia (ryggmärgen) Substantia grisea
50%
Henles slyngs består av 3 saker, den som är miterst Tubulus attenuatus
50%
Distala tubuli Tubulus contortus distalis
50%
Proximala tubuli Tubulus contortus proximalis
50%
Henles slyngs består av 3 saker, den som är längst ifrån Tubulus rectus distalis
50%
Henles slyngs består av 3 saker, den som är närmast Tubulus rectus proximalis
50%
Njurtubuli Tubulus renalis
50%
Vad heter blodkärlens yttersta lager? Tunica externa
50%
Vad heter blodkärlens innersta lager? Tunica interna
50%
Vad heter blodkärlens mellersta lager? Tunica media
50%
Venen i armen som är motsvarigheten till a. brachialis v. basilica
50%
I vilken venvinkel tömmer sig de tidigare nämnda lymfgångarna v. jugularis / v. subclavia
50%
Venen i benet som är motsvarigheten till a. femoralis v saphena magna
50%
Och den delar sig inne i hjärnan till a. ceribri posterior
0%
Vad heter hjärnans mellerst skyddande lager? Arachonoidea mater
0%
Vad heter lagret utanför det? Capsula adiposa
0%
Vad heter lagret som är närmast njuren? Capsula fibrosa
0%
Vad heter hjärtsäckens "mellersta" lager Cavitas Pericardiaca
0%
Willis Ring riktiga namn Circulus Anteriosus Ceribri
0%
Den högra lymfgången heter Ductus lymphaticus dx.
0%
Lymfans brsötgång heter Ductus thoracicus
0%
Vad heter bindväven runt en muskelfiber? Endomysium
0%
Vad heter hjärtväggens yttersta lager? Epicarcium
0%
Vad heter bindväven runt en muskel? Epimysium
0%
Hårfolikel Folliculus pili
0%
Det finns en viss typ av brosk i leder Hyalint brosk
0%
Vad heter hjärtsäckens yttersta lager Lamina perietalis
0%
Membranet som sitter mellan Fibula och Tibia heter Membrana interossea
0%
Bindväven som ligger runt de blodkärl som finns i kompakt benmärg Osteon
0%
Det finns 2 saker som snabbar på magsäcktömningen Peptider / utvidning
0%
Vad heter bindväven runt en muskelfiberbunt? Perimysium
0%
Skaftet i ett rörben omges av Periost
0%
Det finns ett speciellt lager av celler som har otroligt stora dentriter Purkinjeceller
0%
det finns olika organisationer i hjärnan, vilken ansvarar för synintryck Retinotopiska
0%
det finns olika organisationer i hjärnan, vilken ansvarar för rörelse Somatotopiska
0%
Mellan det mellersta och det innersta så finns det ett hålrum, vad heter det? Spatium subarachonideum
0%
Svart materia (hjärnan) Substantia nigra
0%
Lymfsystemet på latin Systema Lymphoideum
0%
det finns olika organisationer i hjärnan, vilken ansvarar för hörselintryck Tonotopiska
0%
Nageln Unugis
0%
Det finns 4 olika ventriklar i hjärnan, vad heter de som är pariga Ventriculus laterales
0%
Det finns 4 olika ventriklar i hjärnan, vad heter den fjärde som är längst ner Ventriculus quartus
0%
Det finns 4 olika ventriklar i hjärnan, vad heter den tredje som är i mitten Ventriculus tetrius
0%
Venernas motsvarighet till a. carotis externa och a. carotis interna v. jugularis interna
0%
No matching quizzes found
Score Distribution
Percent of People with Each Score
Percentile by Number Answered
Your Score History
You have not taken this quiz since the last reset